Bez starostí byť krásna
Charakteristika firmy Inverta, ktorá je pobočkou kozmetickej firmy Sans Soucis z Baden Badenu na Slovensku. História firmy Sans Soucis. Ponuka kozmetiky. Spôsob predaja. Kvalita produkcie.
Saved in:
| Main Author: | |
|---|---|
| Format: | Book Chapter |
| Language: | Slovak |
| Subjects: | |
| Tags: |
No Tags, Be the first to tag this record!
|
MARC
| LEADER | 00000naa a2200000 4500 | ||
|---|---|---|---|
| 001 | r026641 | ||
| 005 | 20251104123547.6 | ||
| 041 | 0 | |a slo | |
| 044 | |a SK | ||
| 245 | 1 | 0 | |a Bez starostí byť krásna |c O. Luptáková |
| 520 | |a Charakteristika firmy Inverta, ktorá je pobočkou kozmetickej firmy Sans Soucis z Baden Badenu na Slovensku. História firmy Sans Soucis. Ponuka kozmetiky. Spôsob predaja. Kvalita produkcie. | ||
| 610 | 2 | 0 | |a Inverta |
| 610 | 2 | 0 | |a Sans Soucis Baden-Baden |
| 610 | 2 | 0 | |a kozmetika |
| 610 | 2 | 0 | |a predaj |
| 610 | 2 | 0 | |a výroba |
| 610 | 2 | 0 | |a kvalita výrobkov |
| 100 | 1 | |a Luptáková, O. | |